[Event "North American op 21st"]
[Site "Las Vegas"]
[Date "2011.12.29"]
[Round "6"]
[White "Shabalov, Alexander"]
[Black "Mezentsev, Vladimir Gen"]
[Result "1-0"]
[WhiteElo "2523"]
[BlackElo "2439"]
[PlyCount "81"]
[EventDate "2011.12.26"]
[EventType "swiss"]
[EventRounds "7"]
[EventCountry "USA"]
[SourceTitle "CBM 146 Extra"]
[Source "ChessBase"]
[SourceDate "2012.02.29"]
[SourceVersion "1"]
[SourceVersionDate "2012.02.29"]
[SourceQuality "1"]

1. e4 c5 2. Nf3 Nc6 3. d4 cxd4 4. Nxd4 g6 5. c4 Bg7 6. Be3 d6 7. Nc3 Nh6 8. Be2 0-0 9. Nb3 f5 10. Qd2 Ng4 11. Bxg4 fxg4 12. Rc1 Rf7 13. 0-0 b6 14. Nd5 Ba6 15. Nd4 Qd7 16. Nxc6 Qxc6 17. Bd4 Raf8 18. Bxg7 Rxg7 19. Qg5 Qd7 20. e5 Bb7 21. e6 Qxe6 22. Rce1 Bxd5 23. Rxe6 Bxe6 24. b3 Rgf7 25. Qe3 Bf5 26. a4 Rc8 27. a5 bxa5 28. Qxa7 Rc5 29. Re1 Kf8 30. Qa8+ Bc8 31. Re3 Rff5 32. h3 gxh3 33. Rxh3 Kg7 34. Re3 Kf7 35. f3 h5 36. Kf2 Kf6 37. Re4 g5 38. Qb8 Rfe5 39. Rd4 Ke6 40. Qa7 Kf7 41. Rxd6 1-0

[Event "American op 44th"]
[Site "Los Angeles"]
[Date "2008.11.29"]
[Round "6"]
[White "Kretchetov, Alexandre"]
[Black "Mezentsev, Vladimir Gen"]
[Result "1/2-1/2"]
[WhiteElo "2366"]
[BlackElo "2405"]
[PlyCount "21"]
[EventDate "2008.11.27"]
[EventType "swiss"]
[EventRounds "8"]
[EventCountry "USA"]
[SourceTitle "EXT 2024"]
[Source "ChessBase"]
[SourceDate "2023.10.10"]
[SourceVersion "1"]
[SourceVersionDate "2023.10.10"]
[SourceQuality "1"]

1. d4 d5 2. c4 Bf5 3. cxd5 Bxb1 4. Qa4+ c6 5. Rxb1 Qxd5 6. e3 Nd7 7. Qc4 Ngf6 8. Nf3 e6 9. a3 Bd6 10. Qxd5 cxd5 11. Bd3 1/2-1/2

[Event "San Francisco Alan Benson"]
[Site "San Francisco"]
[Date "2008.08.16"]
[Round "6"]
[White "Ganbold, Odondoo"]
[Black "Mezentsev, Vladimir Gen"]
[Result "0-1"]
[WhiteElo "2380"]
[BlackElo "2400"]
[PlyCount "66"]
[EventDate "2008.08.11"]
[EventType "tourn"]
[EventRounds "9"]
[EventCountry "USA"]
[EventCategory "3"]
[SourceTitle "CBM 126 Extra"]
[Source "ChessBase"]
[SourceDate "2008.11.05"]
[SourceVersion "1"]
[SourceVersionDate "2008.11.05"]
[SourceQuality "1"]

1. e4 c5 2. Nf3 g6 3. c3 Nf6 4. d3 Bg7 5. h3 0-0 6. Be3 d6 7. Qc1 Nc6 8. Bh6 e5 9. Bxg7 Kxg7 10. g4 d5 11. Nbd2 dxe4 12. dxe4 h5 13. gxh5 Nxh5 14. Qc2 Be6 15. h4 Qf6 16. Ng5 Rad8 17. 0-0-0 Na5 18. Nxe6+ Qxe6 19. Qa4 b6 20. Bc4 Qg4 21. Qb5 Nxc4 22. Qxc4 Rd6 23. Rdg1 Qf4 24. Qe2 Rfd8 25. Rd1 Rd3 26. Rhg1 Qxh4 27. Rg4 Qf6 28. Rgg1 Nf4 29. Qg4 Ne6 30. Qf5 Qxf5 31. exf5 Nf4 32. Kc2 Nh3 33. f6+ Kxf6 0-1

[Event "San Francisco Alan Benson"]
[Site "San Francisco"]
[Date "2008.08.15"]
[Round "5"]
[White "Mezentsev, Vladimir Gen"]
[Black "Naroditsky, Daniel"]
[Result "1/2-1/2"]
[WhiteElo "2400"]
[BlackElo "2313"]
[PlyCount "28"]
[EventDate "2008.08.11"]
[EventType "tourn"]
[EventRounds "9"]
[EventCountry "USA"]
[EventCategory "3"]
[SourceTitle "CBM 126 Extra"]
[Source "ChessBase"]
[SourceDate "2008.11.05"]
[SourceVersion "1"]
[SourceVersionDate "2008.11.05"]
[SourceQuality "1"]

1. e4 c5 2. Nf3 d6 3. Bb5+ Bd7 4. Bxd7+ Qxd7 5. 0-0 Nf6 6. Re1 Nc6 7. d4 cxd4 8. Nxd4 g6 9. c4 Bg7 10. Nc3 0-0 11. Nc2 Rac8 12. b3 Nh5 13. Qd2 Nf4 14. f3 g5 1/2-1/2

[Event "San Francisco Alan Benson"]
[Site "San Francisco"]
[Date "2008.08.11"]
[Round "1"]
[White "Mezentsev, Vladimir Gen"]
[Black "Shankland, Samuel L"]
[Result "0-1"]
[WhiteElo "2400"]
[BlackElo "2368"]
[PlyCount "132"]
[EventDate "2008.08.11"]
[EventType "tourn"]
[EventRounds "9"]
[EventCountry "USA"]
[EventCategory "3"]
[SourceTitle "CBM 126 Extra"]
[Source "ChessBase"]
[SourceDate "2008.11.05"]
[SourceVersion "1"]
[SourceVersionDate "2008.11.05"]
[SourceQuality "1"]

1. e4 c5 2. Nf3 Nc6 3. Bb5 e6 4. 0-0 Nge7 5. c3 a6 6. Ba4 b5 7. Bc2 Bb7 8. d4 cxd4 9. Nxd4 Ng6 10. a4 b4 11. Be3 Qc7 12. Nxc6 Bxc6 13. Qd4 Rb8 14. Rd1 d5 15. exd5 Bxd5 16. Nd2 Bd6 17. Qxg7 Bxh2+ 18. Kh1 Be5 19. Qh6 bxc3 20. bxc3 Qc6 21. f3 Qxc3 22. Rac1 Bg7 23. Qg5 Qe5 24. Bd3 Qxg5 25. Bxg5 Ra8 26. Ne4 h6 27. Be3 Ne5 28. Be2 0-0 29. Nc5 Rfc8 30. f4 Ng6 31. a5 Nh4 32. Bf1 Nf5 33. Bf2 Bb2 34. Rb1 Bc3 35. Nd7 Rd8 36. Nb6 Rab8 37. Rbc1 Bxa5 38. Nxd5 Rxd5 39. Rxd5 exd5 40. Bd3 Ne7 41. Bxa6 Bd2 42. Rd1 Bxf4 43. g3 Bd6 44. Bd3 f6 45. Be3 Kf7 46. Kg2 Rg8 47. Bf2 h5 48. Rh1 Rg5 49. Be2 Kg6 50. Bd3+ Kg7 51. Be2 Bxg3 52. Bxg3 Nf5 53. Rxh5 Rxg3+ 54. Kf2 Rg5 55. Rh3 Kf7 56. Ra3 Ke6 57. Bf3 Nd6 58. Ra6 Ke5 59. Ra8 f5 60. Ra7 Ne4+ 61. Ke2 Kf4 62. Rh7 Rg8 63. Rh4+ Ke5 64. Rh7 Rb8 65. Re7+ Kf4 66. Rf7 Ng3+ 0-1

[Event "North American op 17th"]
[Site "Las Vegas"]
[Date "2007.12.29"]
[Round "6"]
[White "Mitkov, Nikola"]
[Black "Mezentsev, Vladimir Gen"]
[Result "1/2-1/2"]
[WhiteElo "2528"]
[BlackElo "2398"]
[PlyCount "119"]
[EventDate "2007.12.26"]
[EventType "swiss"]
[EventRounds "7"]
[EventCountry "USA"]
[SourceTitle "CBM 121 Extra"]
[Source "ChessBase"]
[SourceDate "2008.01.10"]
[SourceVersion "1"]
[SourceVersionDate "2008.01.10"]
[SourceQuality "1"]

1. e4 c5 2. Nc3 g6 3. Nf3 Bg7 4. d4 cxd4 5. Nxd4 Nc6 6. Be3 Nf6 7. Bc4 0-0 8. Bb3 d6 9. h3 Bd7 10. 0-0 Na5 11. Re1 Rc8 12. Qd3 a6 13. Nd5 e5 14. Nxf6+ Qxf6 15. Ne2 Nxb3 16. axb3 d5 17. c3 d4 18. cxd4 Bb5 19. Qd2 Bxe2 20. dxe5 Qxe5 21. Rxe2 Qb5 22. Ra5 Qxb3 23. Rd5 Rfe8 24. f3 Bf6 25. Bg5 Qb6+ 26. Kh1 Bxg5 27. Qxg5 Red8 28. Rxd8+ Qxd8 29. Qe3 Qc7 30. Re1 Qc5 31. Qd2 Qb6 32. Rd1 Rc5 33. Qh6 Qc7 34. Qe3 Rc2 35. e5 Qc5 36. Qg5 Qb6 37. Kh2 Rc8 38. Rd7 Qxb2 39. Qe7 Qb3 40. Rd6 Qe3 41. Qf6 Re8 42. f4 Qe4 43. Rd7 Qf5 44. Qxf5 gxf5 45. Rxb7 Ra8 46. Rb4 a5 47. Ra4 f6 48. e6 Kg7 49. g4 Kg6 50. Kg3 fxg4 51. hxg4 f5 52. gxf5+ Kxf5 53. e7 Kf6 54. Rxa5 Re8 55. Ra6+ Kf5 56. Ra7 Kf6 57. Ra6+ Kf5 58. Ra5+ Kf6 59. Kg4 Rxe7 60. Ra6+ 1/2-1/2

[Event "North American op 17th"]
[Site "Las Vegas"]
[Date "2007.12.27"]
[Round "2"]
[White "Vicary, Elizabeth"]
[Black "Mezentsev, Vladimir Gen"]
[Result "0-1"]
[WhiteElo "2153"]
[BlackElo "2398"]
[PlyCount "88"]
[EventDate "2007.12.26"]
[EventType "swiss"]
[EventRounds "7"]
[EventCountry "USA"]
[SourceTitle "CBM 121 Extra"]
[Source "ChessBase"]
[SourceDate "2008.01.10"]
[SourceVersion "1"]
[SourceVersionDate "2008.01.10"]
[SourceQuality "1"]

1. e4 c5 2. Nf3 Nc6 3. Bb5 g6 4. Nc3 Nd4 5. Bc4 Bg7 6. 0-0 d6 7. d3 Nf6 8. Ng5 0-0 9. f4 h6 10. e5 Ne8 11. Nge4 Nc7 12. Ng3 b5 13. Bb3 a5 14. a4 b4 15. Nce4 Nxb3 16. cxb3 dxe5 17. f5 Qd4+ 18. Kh1 Ra6 19. Qf3 gxf5 20. Nxf5 Bxf5 21. Qxf5 Rg6 22. Rf3 Ne6 23. h4 Qd5 24. Be3 Nd4 25. Bxd4 cxd4 26. h5 Rc6 27. Rg3 Qe6 28. Qf3 Rfc8 29. Nd2 Rc1+ 30. Rxc1 Rxc1+ 31. Kh2 Kh7 32. Nc4 e4 33. dxe4 Bf6 34. e5 Bg5 35. Qd3+ Kg7 36. Qxd4 Qf5 37. e6+ f6 38. Qa7 Qxe6 39. Qf2 Qd5 40. Ne3 Qc5 41. Qe2 Kf8 42. Rf3 Qe5+ 43. g3 Bxe3 44. Rxe3 Qd5 0-1

[Event "Imre Konig Memorial 2nd"]
[Site "San Fransisco"]
[Date "2007.07.18"]
[Round "?"]
[White "Mezentsev, Vladimir Gen"]
[Black "Atalik, Ekaterina"]
[Result "1-0"]
[WhiteElo "2392"]
[BlackElo "2400"]
[PlyCount "83"]
[EventDate "2007.07.09"]
[EventType "schev"]
[EventRounds "10"]
[EventCountry "USA"]
[SourceTitle "CBM 119 Extra"]
[Source "ChessBase"]
[SourceDate "2007.09.04"]
[SourceVersion "1"]
[SourceVersionDate "2007.09.04"]
[SourceQuality "1"]

1. e4 e5 2. Nf3 Nc6 3. Bc4 Bc5 4. c3 Nf6 5. d3 d6 6. Nbd2 0-0 7. Nf1 a6 8. Bg5 Be6 9. Bb3 Bxb3 10. axb3 Qe7 11. Ng3 Qe6 12. 0-0 Bb6 13. Nf5 Nd7 14. Nd2 Kh8 15. Nc4 f6 16. Nxb6 Nxb6 17. Be3 Nd7 18. f4 d5 19. fxe5 Ndxe5 20. d4 Ng6 21. exd5 Qxd5 22. c4 Qe4 23. Qd2 Nce7 24. Ng3 Qg4 25. Rae1 c6 26. Bf2 Rad8 27. Qb4 Qd7 28. Ne4 Nf5 29. Nc5 Qd6 30. Re6 Qf4 31. Re4 Qd6 32. Qxb7 Rb8 33. Qd7 Qxd7 34. Nxd7 Rfe8 35. Nxb8 Rxe4 36. Nxc6 Nf4 37. d5 h5 38. Re1 Nd6 39. Rxe4 Nxe4 40. Be3 Nd3 41. Nb8 Nb4 42. d6 1-0

[Event "Imre Konig Memorial 2nd"]
[Site "San Fransisco"]
[Date "2007.07.17"]
[Round "?"]
[White "Atalik, Suat"]
[Black "Mezentsev, Vladimir Gen"]
[Result "1-0"]
[WhiteElo "2564"]
[BlackElo "2392"]
[PlyCount "65"]
[EventDate "2007.07.09"]
[EventType "schev"]
[EventRounds "10"]
[EventCountry "USA"]
[SourceTitle "CBM 119 Extra"]
[Source "ChessBase"]
[SourceDate "2007.09.04"]
[SourceVersion "1"]
[SourceVersionDate "2007.09.04"]
[SourceQuality "1"]

1. d4 d5 2. c4 e6 3. Nc3 Nf6 4. Bg5 Be7 5. e3 h6 6. Bh4 b6 7. cxd5 Nxd5 8. Bxe7 Qxe7 9. Nxd5 exd5 10. Qa4+ Bd7 11. Qb3 0-0 12. Ne2 c5 13. dxc5 bxc5 14. Nf4 Nc6 15. Nxd5 Qd6 16. Rd1 Rab8 17. Qc3 Nd4 18. Bc4 Bc6 19. Nf4 Qf6 20. exd4 Qxf4 21. 0-0 cxd4 22. Rxd4 Qf6 23. Rfd1 Rfc8 24. Qg3 Be8 25. b3 Rb6 26. h4 Kf8 27. Qd3 Qg6 28. Qe3 Qf6 29. Rf4 Qe7 30. Re4 Qf6 31. Re1 Qc6 32. Re7 a6 33. Bd5 1-0

[Event "Imre Konig Memorial 2nd"]
[Site "San Fransisco"]
[Date "2007.07.16"]
[Round "?"]
[White "Mezentsev, Vladimir Gen"]
[Black "Baburin, Alexander"]
[Result "1-0"]
[WhiteElo "2392"]
[BlackElo "2559"]
[PlyCount "87"]
[EventDate "2007.07.09"]
[EventType "schev"]
[EventRounds "10"]
[EventCountry "USA"]
[SourceTitle "CBM 119 Extra"]
[Source "ChessBase"]
[SourceDate "2007.09.04"]
[SourceVersion "1"]
[SourceVersionDate "2007.09.04"]
[SourceQuality "1"]

1. e4 Nf6 2. e5 Nd5 3. d4 d6 4. Nf3 Bg4 5. Be2 e6 6. h3 Bh5 7. 0-0 Be7 8. c4 Nb6 9. exd6 cxd6 10. b4 0-0 11. Nbd2 Nc6 12. Ba3 a6 13. Rc1 Re8 14. Qb3 Bf6 15. Bb2 Bg6 16. Rfd1 h6 17. Nf1 d5 18. c5 Nc8 19. Ne3 N8e7 20. a4 Be4 21. Bc3 Ng6 22. Qb2 Nf4 23. b5 axb5 24. axb5 Ne7 25. Ra1 Rxa1 26. Rxa1 Neg6 27. Ra7 Nxe2+ 28. Qxe2 Nf4 29. Qd1 Bd3 30. Rxb7 Qa8 31. Rb6 Qa3 32. Ba1 Be2 33. Qb1 Ra8 34. Kh2 Bd3 35. Qb2 Qa5 36. Rb7 Be4 37. c6 Bxf3 38. c7 Rc8 39. b6 Nd3 40. Qc3 Qa6 41. Rb8 Be7 42. Rxc8+ Qxc8 43. Qxd3 Bd6+ 44. Kg1 1-0

[Event "Imre Konig Memorial 2nd"]
[Site "San Fransisco"]
[Date "2007.07.15"]
[Round "?"]
[White "Baburin, Alexander"]
[Black "Mezentsev, Vladimir Gen"]
[Result "1-0"]
[WhiteElo "2559"]
[BlackElo "2392"]
[PlyCount "83"]
[EventDate "2007.07.09"]
[EventType "schev"]
[EventRounds "10"]
[EventCountry "USA"]
[SourceTitle "CBM 119 Extra"]
[Source "ChessBase"]
[SourceDate "2007.09.04"]
[SourceVersion "1"]
[SourceVersionDate "2007.09.04"]
[SourceQuality "1"]

1. d4 Nf6 2. c4 e6 3. Nc3 Bb4 4. e3 0-0 5. Bd3 d5 6. Nf3 c5 7. 0-0 cxd4 8. exd4 dxc4 9. Bxc4 Nbd7 10. Qb3 Be7 11. Re1 Nb6 12. Bd3 Bd7 13. Ne5 Be8 14. Be3 Nfd5 15. Be4 Bf6 16. Nxd5 exd5 17. Bf5 Ba4 18. Qd3 g6 19. Bh3 Bg7 20. Rac1 f5 21. g3 Rc8 22. Rc5 a6 23. Bg2 Bb5 24. Qc3 Qd6 25. Bf4 Na4 26. Rxd5 Nxc3 27. Rxd6 Ne2+ 28. Kh1 Nxf4 29. gxf4 Bh6 30. Bxb7 Rc2 31. Kg2 Bxf4 32. Bxa6 Bxe5 33. dxe5 Bc6+ 34. Kh3 Bf3 35. Kg3 Bh5 36. e6 f4+ 37. Kg2 Rxb2 38. e7 Re8 39. a4 f3+ 40. Kg3 Rb4 41. Bb5 g5 42. h3 1-0

[Event "Imre Konig Memorial 2nd"]
[Site "San Fransisco"]
[Date "2007.07.15"]
[Round "?"]
[White "Mezentsev, Vladimir Gen"]
[Black "Fedorowicz, John P"]
[Result "0-1"]
[WhiteElo "2392"]
[BlackElo "2460"]
[PlyCount "40"]
[EventDate "2007.07.09"]
[EventType "schev"]
[EventRounds "10"]
[EventCountry "USA"]
[SourceTitle "CBM 119 Extra"]
[Source "ChessBase"]
[SourceDate "2007.09.04"]
[SourceVersion "1"]
[SourceVersionDate "2007.09.04"]
[SourceQuality "1"]

1. e4 c5 2. Nf3 Nc6 3. Bb5 e6 4. c3 a6 5. Ba4 b5 6. Bc2 Bb7 7. 0-0 c4 8. d4 cxd3 9. Qxd3 Qc7 10. Rd1 Nf6 11. a4 b4 12. Qe2 Ng4 13. h3 h5 14. Kf1 Nh2+ 15. Nxh2 Qxh2 16. f4 Bc5 17. Qf3 g5 18. Nd2 g4 19. hxg4 hxg4 20. Qxg4 Qg1+ 0-1

[Event "Western Class-ch 14th"]
[Site "Agoura Hills"]
[Date "2007.01.12"]
[Round "1"]
[White "Mezentsev, Vladimir Gen"]
[Black "Pupols, Viktors"]
[Result "0-1"]
[WhiteElo "2412"]
[BlackElo "2185"]
[PlyCount "94"]
[EventDate "2007.01.12"]
[EventType "swiss"]
[EventRounds "7"]
[EventCountry "USA"]
[SourceTitle "CBM 116 Extra"]
[Source "ChessBase"]
[SourceDate "2007.03.07"]
[SourceVersion "1"]
[SourceVersionDate "2007.03.07"]
[SourceQuality "1"]

1. e4 c6 2. d3 d5 3. Nd2 g6 4. h4 h5 5. g3 Bg7 6. Bg2 Nf6 7. Nh3 Nbd7 8. Qe2 dxe4 9. dxe4 e5 10. Nc4 Qc7 11. Bd2 b5 12. Ba5 Nb6 13. Nd2 0-0 14. 0-0 Qe7 15. Rfc1 Bh6 16. Ng5 Nh7 17. c4 Nxg5 18. hxg5 Bxg5 19. cxb5 cxb5 20. Qxb5 Bd7 21. Qa6 Rfc8 22. Rxc8+ Bxc8 23. Qf1 Be6 24. Nf3 Bf6 25. Bc3 Bc4 26. Qe1 Rd8 27. b3 Ba6 28. Rc1 g5 29. Bb4 Qe6 30. Qe3 g4 31. Nh4 Rd3 32. Qh6 Bxh4 33. Qf8+ Kh7 34. gxh4 Rd7 35. Qc5 Qf6 36. Bc3 Re7 37. Rd1 Re6 38. Qf8 Qe7 39. Qb8 Nd7 40. Qxa7 Rd6 41. Re1 Qxh4 42. Bb4 Rf6 43. Rd1 Nb6 44. Rd2 g3 45. Qxa6 gxf2+ 46. Kf1 Nd5 47. Qc4 Ne3+ 0-1

[Event "East Bay op"]
[Site "Oakland"]
[Date "2006.12.17"]
[Round "3"]
[White "Mezentsev, Vladimir Gen"]
[Black "Friedel, Joshua E"]
[Result "0-1"]
[WhiteElo "2409"]
[BlackElo "2480"]
[PlyCount "82"]
[EventDate "2006.12.16"]
[EventType "swiss"]
[EventRounds "9"]
[EventCountry "USA"]
[SourceTitle "EXT 2008"]
[Source "ChessBase"]
[SourceDate "2007.11.25"]
[SourceVersion "1"]
[SourceVersionDate "2007.11.25"]
[SourceQuality "1"]

1. e4 e5 2. Nf3 Nc6 3. Bc4 Nf6 4. d3 Be7 5. c3 d6 6. Nbd2 0-0 7. Bb3 d5 8. Qe2 h6 9. Nf1 d4 10. h3 Nd7 11. Ng3 Nc5 12. Bc2 a5 13. 0-0 a4 14. Bd2 a3 15. bxa3 Rxa3 16. cxd4 Nxd4 17. Nxd4 Qxd4 18. Be3 Qc3 19. Rfd1 Rd8 20. Bxc5 Bxc5 21. Bb3 Ra6 22. Rac1 Qa5 23. Nf5 Rf6 24. Ne3 c6 25. Rc2 Qa7 26. g4 g6 27. Kg2 Be6 28. Bxe6 Rxe6 29. Nc4 Rf6 30. Rf1 Bd4 31. Qd2 Kg7 32. f4 exf4 33. e5 f3+ 34. Rxf3 Rxf3 35. Kxf3 b5 36. Qf4 Qe7 37. Na5 Bxe5 38. Qe4 Rd4 39. Qe2 Qd6 40. Nxc6 Rxd3+ 41. Kf2 Qf6+ 0-1

[Event "Reno Far West op"]
[Site "Reno"]
[Date "2006.04.09"]
[Round "5"]
[White "Yermolinsky, Alex"]
[Black "Mezentsev, Vladimir Gen"]
[Result "1-0"]
[WhiteElo "2588"]
[BlackElo "2487"]
[PlyCount "59"]
[EventDate "2006.04.12"]
[EventType "swiss"]
[EventRounds "6"]
[EventCountry "USA"]
[SourceTitle "EXT 2009"]
[Source "ChessBase"]
[SourceDate "2008.11.26"]
[SourceVersion "1"]
[SourceVersionDate "2008.11.26"]
[SourceQuality "1"]

1. d4 Nf6 2. c4 e6 3. Nf3 d5 4. Nc3 dxc4 5. e4 a6 6. Bxc4 b5 7. Bd3 Bb7 8. Qe2 c5 9. dxc5 b4 10. Na4 Nbd7 11. 0-0 Bxc5 12. Rd1 Qa5 13. Nxc5 Nxc5 14. e5 Nxd3 15. Rxd3 Nd5 16. Ng5 Qc7 17. Bd2 h6 18. Rc1 Qe7 19. Ne4 Rd8 20. Nd6+ Rxd6 21. exd6 Qxd6 22. Qg4 g5 23. a3 Qe5 24. Bxb4 Qxb2 25. Qd1 Nxb4 26. Rd8+ Ke7 27. Rd7+ Kf6 28. Rxb7 Qxa3 29. Qd4+ Kg6 30. Rf1 1-0

[Event "Reno Far West op"]
[Site "Reno"]
[Date "2006.04.08"]
[Round "3"]
[White "Mezentsev, Vladimir Gen"]
[Black "Ehlvest, Jaan"]
[Result "0-1"]
[WhiteElo "2487"]
[BlackElo "2681"]
[PlyCount "70"]
[EventDate "2006.04.12"]
[EventType "swiss"]
[EventRounds "6"]
[EventCountry "USA"]
[SourceTitle "EXT 2009"]
[Source "ChessBase"]
[SourceDate "2008.11.26"]
[SourceVersion "1"]
[SourceVersionDate "2008.11.26"]
[SourceQuality "1"]

1. Nf3 g6 2. g3 Bg7 3. Bg2 e5 4. 0-0 Ne7 5. c4 d5 6. cxd5 Nxd5 7. Nc3 Ne7 8. d3 0-0 9. Be3 Nbc6 10. Bc5 Re8 11. Rc1 Nd4 12. Nxd4 exd4 13. Nb5 Nc6 14. Rc4 Be6 15. Ra4 Bd5 16. Bh3 a6 17. Nxd4 b5 18. Nxc6 Bxc6 19. Re4 Bxe4 20. dxe4 Qxd1 21. Rxd1 Rad8 22. Rd3 Bxb2 23. Kf1 Rxd3 24. exd3 Rd8 25. Ke2 a5 26. Be7 Rd4 27. Kd2 Ra4 28. Kc2 Bg7 29. Kb1 Bd4 30. Bd7 c5 31. f4 Rb4+ 32. Kc1 a4 33. e5 a3 34. Bd6 Rb2 35. e6 fxe6 0-1

[Event "Reno Far West op"]
[Site "Reno"]
[Date "2006.04.08"]
[Round "4"]
[White "Pupols, Viktors"]
[Black "Mezentsev, Vladimir Gen"]
[Result "0-1"]
[WhiteElo "2200"]
[BlackElo "2487"]
[PlyCount "92"]
[EventDate "2006.04.12"]
[EventType "swiss"]
[EventRounds "6"]
[EventCountry "USA"]
[SourceTitle "EXT 2009"]
[Source "ChessBase"]
[SourceDate "2008.11.26"]
[SourceVersion "1"]
[SourceVersionDate "2008.11.26"]
[SourceQuality "1"]

1. d4 Nf6 2. c4 e6 3. Bg5 h6 4. Bh4 c5 5. Nf3 cxd4 6. Nxd4 Qa5+ 7. Nc3 Ne4 8. Qc2 Nxc3 9. bxc3 e5 10. Nb3 Qc7 11. e4 d6 12. Bd3 Be6 13. Qe2 Nd7 14. 0-0 Nb6 15. Nd2 Na4 16. Bc2 Qc6 17. Bxa4 Qxa4 18. Rfb1 Qc6 19. Rb4 f6 20. Rab1 b6 21. a4 Be7 22. Nf1 Bd8 23. Ne3 a5 24. Rb5 Qxe4 25. Bg3 Rc8 26. f3 Qc6 27. c5 bxc5 28. c4 0-0 29. Be1 Ra8 30. Rd1 Ra6 31. Bc3 Qe8 32. Qd2 Bd7 33. Nd5 f5 34. f4 exf4 35. Qxf4 Bg5 36. Qf1 Bxb5 37. Re1 Qf7 38. axb5 Raa8 39. g3 a4 40. Re2 Rfe8 41. h4 Rxe2 42. Qxe2 Re8 43. Qd1 Be3+ 44. Kg2 a3 45. b6 f4 46. Qg4 Bd4 0-1

[Event "Berkeley Masters op"]
[Site "Berkeley"]
[Date "2005.12.18"]
[Round "3"]
[White "Mezentsev, Vladimir Gen"]
[Black "Perepelitsky, Philipp"]
[Result "1-0"]
[WhiteElo "2409"]
[BlackElo "2116"]
[PlyCount "65"]
[EventDate "2005.12.17"]
[EventType "swiss"]
[EventRounds "9"]
[EventCountry "USA"]
[SourceTitle "CBM 109 Extra"]
[Source "ChessBase"]
[SourceDate "2006.01.03"]
[SourceVersion "2"]
[SourceVersionDate "2006.01.03"]
[SourceQuality "1"]

1. e4 d6 2. d4 Nf6 3. Bd3 e5 4. Nf3 Nbd7 5. c3 d5 6. dxe5 Nxe4 7. 0-0 Ndc5 8. Bc2 Bg4 9. h3 Bh5 10. Qe2 Be7 11. Rd1 Bg5 12. Be3 Qe7 13. Rxd5 c6 14. Rd4 Bxe3 15. Qxe3 Bxf3 16. Qxf3 Ng5 17. Qe3 Nd7 18. Nd2 Ne6 19. Rd6 Nb6 20. Bb3 Nc8 21. Rd3 Nc5 22. Rd4 Nxb3 23. Nxb3 0-0 24. Rg4 Nb6 25. Nd4 g6 26. Nf3 Rfd8 27. Rh4 Nd7 28. Qh6 Nf8 29. Re1 Rd3 30. Kh2 Qc5 31. Re2 Rxf3 32. gxf3 Re8 33. Qe3 1-0

[Event "American op 41st"]
[Site "Los Angeles"]
[Date "2005.11.27"]
[Round "7"]
[White "Mezentsev, Vladimir Gen"]
[Black "Manukian, Garuch"]
[Result "1-0"]
[WhiteElo "2409"]
[BlackElo "2308"]
[PlyCount "85"]
[EventDate "2005.11.24"]
[EventType "swiss"]
[EventRounds "7"]
[EventCountry "USA"]
[SourceTitle "CBM 109 Extra"]
[Source "ChessBase"]
[SourceDate "2006.01.03"]
[SourceVersion "2"]
[SourceVersionDate "2006.01.03"]
[SourceQuality "1"]

1. e4 c6 2. d3 d5 3. Nd2 Nf6 4. Ngf3 Bg4 5. h3 Bxf3 6. Qxf3 e6 7. g3 Nbd7 8. Bg2 Be7 9. 0-0 0-0 10. Qe2 Qc7 11. d4 dxe4 12. Nxe4 Nxe4 13. Qxe4 Rad8 14. c3 e5 15. Qe2 Bd6 16. Bg5 Rde8 17. Qc4 exd4 18. cxd4 Nb6 19. Qb3 Be7 20. Be3 Rd8 21. Rac1 Qb8 22. Rfe1 Rd7 23. h4 Qd8 24. a4 Kh8 25. a5 Nd5 26. a6 bxa6 27. Rxc6 Nxe3 28. Qxe3 Bf6 29. d5 Bxb2 30. Rxa6 f5 31. f4 Qc7 32. Kh2 Bf6 33. Rc1 Qb7 34. Qd3 Rfd8 35. Re6 Qb2 36. Rc2 Qd4 37. Qxf5 Rf7 38. Re4 Qd1 39. Rc8 Rff8 40. Rxd8 Rxd8 41. Rc4 Kg8 42. Qe6+ Kf8 43. Rc7 1-0

[Event "American op 41st"]
[Site "Los Angeles"]
[Date "2005.11.27"]
[Round "7"]
[White "Taylor, Timothy"]
[Black "Mezentsev, Vladimir Gen"]
[Result "0-1"]
[WhiteElo "2297"]
[BlackElo "2397"]
[PlyCount "68"]
[EventDate "2005.11.24"]
[EventType "swiss"]
[EventRounds "7"]
[EventCountry "USA"]
[SourceTitle "CBM 109 Extra"]
[Source "ChessBase"]
[SourceDate "2006.01.03"]
[SourceVersion "2"]
[SourceVersionDate "2006.01.03"]
[SourceQuality "1"]

1. d4 d5 2. Nf3 Nf6 3. e3 c5 4. Nbd2 Nc6 5. dxc5 e6 6. a3 Bxc5 7. b4 Be7 8. Bb2 0-0 9. c4 a6 10. Rc1 dxc4 11. Bxc4 b5 12. Be2 Qb6 13. Qc2 Bb7 14. Ng5 h6 15. h4 Rfc8 16. Bxf6 Bxf6 17. Qh7+ Kf8 18. Nge4 Ke7 19. Nxf6 gxf6 20. Qxh6 Ne5 21. 0-0 Rg8 22. e4 Rad8 23. Rc5 Qd6 24. Rfc1 Rd7 25. R1c2 Ng4 26. Bxg4 Rxg4 27. Qe3 Bxe4 28. Qxe4 Rxe4 29. Nxe4 Qd1+ 30. Kh2 Qg4 31. Ng3 Qxh4+ 32. Kg1 Rd1+ 33. Nf1 Qd4 34. g3 Qa1 0-1

[Event "Western States op"]
[Site "Reno"]
[Date "2005.10.16"]
[Round "5"]
[White "Kudrin, Sergey"]
[Black "Mezentsev, Vladimir Gen"]
[Result "1-0"]
[WhiteElo "2551"]
[BlackElo "2534"]
[PlyCount "93"]
[EventDate "2005.10.14"]
[EventType "swiss"]
[EventRounds "6"]
[EventCountry "USA"]
[SourceTitle "EXT 2009"]
[Source "ChessBase"]
[SourceDate "2008.11.26"]
[SourceVersion "1"]
[SourceVersionDate "2008.11.26"]
[SourceQuality "1"]

1. e4 c5 2. Nf3 Nc6 3. d4 cxd4 4. Nxd4 g6 5. Nc3 Bg7 6. Be3 Nf6 7. Bc4 0-0 8. Bb3 d6 9. f3 Qa5 10. Qd2 Nxd4 11. Bxd4 Be6 12. 0-0-0 Nd7 13. Kb1 Bxd4 14. Qxd4 Qe5 15. Qe3 Bxb3 16. axb3 Rfc8 17. h4 Rc5 18. h5 a5 19. f4 Qe6 20. g4 Nf8 21. hxg6 fxg6 22. Rd2 b5 23. e5 Rac8 24. Ne4 R5c6 25. exd6 exd6 26. Qd4 d5 27. Ng5 Qd7 28. Rdh2 R8c7 29. Rxh7 Nxh7 30. Rxh7 Qxh7 31. Qxd5+ Kh8 32. Nxh7 Kxh7 33. c3 b4 34. c4 a4 35. Ka2 Rc5 36. Qe6 R5c6 37. Qd5 Rc5 38. Qe4 Kg7 39. bxa4 Rxc4 40. Qe5+ Kh7 41. Kb3 R4c5 42. Qe4 Rf7 43. Kxb4 Rc8 44. a5 Rcf8 45. f5 gxf5 46. gxf5 Rxf5 47. a6 1-0